| 000 | 00583nam a2200193Ia 4500 | ||
|---|---|---|---|
| 003 | OSt | ||
| 005 | 20260218100935.0 | ||
| 008 | 210210b1921 xxu||||| |||| 00| 0 eng d | ||
| 040 | _cAL | ||
| 041 | _aKannada | ||
| 082 | _a859/1065 | ||
| 100 |
_aPUTTANNA (M S) _9146030 _dಪುಟ್ಟಣ್ಣ (ಎಂಎಸ್) |
||
| 245 |
_aJayasimha raja charitre: _bಜಯಸಿಂಹ ರಾಜ ಚರಿತ್ರೆ |
||
| 260 |
_aBengaluru _b- _c1921 |
||
| 650 |
_atranslation of shakespears cymbeline _9255532 |
||
| 690 |
_aKannada Fiction _9146031 |
||
| 906 | _a021811 | ||
| 942 |
_2ddc _cBK |
||
| 999 |
_c145909 _d145909 |
||